Electronic Commerce a managers... (Record no. 7282)
[ view plain ]
| 000 -LEADER | |
|---|---|
| fixed length control field | 00317nam a2200133Ia 4500 |
| 008 - FIXED-LENGTH DATA ELEMENTS--GENERAL INFORMATION | |
| fixed length control field | 191201s2009 xx 000 0 und d |
| 100 ## - MAIN ENTRY--PERSONAL NAME | |
| Personal name | Kalakota, Ravi |
| 245 #0 - TITLE STATEMENT | |
| Title | Electronic Commerce a managers... |
| 250 ## - EDITION STATEMENT | |
| Edition statement | Imp 7th |
| 260 ## - PUBLICATION, DISTRIBUTION, ETC. (IMPRINT) | |
| Date of publication, distribution, etc | 2009 |
| Name of publisher, distributor, etc | pearson |
| Place of publication, distribution, etc | N.Delhi |
| 300 ## - PHYSICAL DESCRIPTION | |
| Extent | 431 |
| 650 ## - SUBJECT ADDED ENTRY--TOPICAL TERM | |
| Topical term or geographic name as entry element | MBA |
| 942 ## - ADDED ENTRY ELEMENTS (KOHA) | |
| Source of classification or shelving scheme | Dewey Decimal Classification |
| Koha item type | Book Bank |
| 942 ## - ADDED ENTRY ELEMENTS (KOHA) | |
| -- | 1 |
| Withdrawn status | Lost status | Source of classification or shelving scheme | Damaged status | Not for loan | Collection code | Home library | Current library | Date acquired | Source of acquisition | Cost, normal purchase price | Bill Number | Total Checkouts | Acc. no. / Barcode | Checked out | Date last seen | Date last borrowed | Bill Date | Koha item type |
|---|---|---|---|---|---|---|---|---|---|---|---|---|---|---|---|---|---|---|
| Dewey Decimal Classification | MBA | PIET C-LIBRARY | PIET C-LIBRARY | 11/02/2009 | J B C, New Delhi | 399.00 | SI-5728 | 1 | BB4494 | 24/05/2021 | 04/11/2020 | 04/11/2020 | 11/02/2009 | Book Bank | ||||
| Dewey Decimal Classification | MBA | PIET C-LIBRARY | PIET C-LIBRARY | 11/02/2009 | J B C, New Delhi | 399.00 | SI-5728 | BB4495 | 04/12/2019 | 11/02/2009 | Book Bank | |||||||
| Dewey Decimal Classification | MBA | PIET C-LIBRARY | PIET C-LIBRARY | 11/02/2009 | J B C, New Delhi | 399.00 | SI-5728 | BB4496 | 04/12/2019 | 11/02/2009 | Book Bank | |||||||
| Dewey Decimal Classification | MBA | PIET C-LIBRARY | PIET C-LIBRARY | 11/02/2009 | J B C, New Delhi | 399.00 | SI-5728 | BB4497 | 04/12/2019 | 11/02/2009 | Book Bank | |||||||
| Dewey Decimal Classification | MBA | PIET C-LIBRARY | PIET C-LIBRARY | 11/02/2009 | J B C, New Delhi | 399.00 | SI-5728 | BB4498 | 04/12/2019 | 11/02/2009 | Book Bank |